000
00272nam a2200097Ia 4500
001
688828
005
20250826161622.0
008
250824s9999 xx 000 0 und d
245
0
_a
MEHMET AKİF ERSOY ÖZGÜRLÜK PEŞİNDE
_c
RECEP ŞÜKRÜ APUHAN
260
_b
TİMAŞ YAYINLARI
999
_c
688828
_d
688828